A cat and a dog / (Record no. 3159)

MARC details
000 -LEADER
fixed length control field 00821cam a2200265 a 4500
005 - DATE AND TIME OF LATEST TRANSACTION
control field 20250828153448.0
020 ## - INTERNATIONAL STANDARD BOOK NUMBER
International Standard Book Number 9780545270144
040 ## - CATALOGING SOURCE
Original cataloging agency DLC
Transcribing agency DLC
Modifying agency DLC
Language of cataloging eng
050 00 - LIBRARY OF CONGRESS CALL NUMBER
Classification number PZ7.M4239584
Item number 2001
082 00 - DEWEY DECIMAL CLASSIFICATION NUMBER
Classification number 813.54
100 1# - MAIN ENTRY--PERSONAL NAME
Personal name Masurel, Claire
245 12 - TITLE STATEMENT
Title A cat and a dog /
Statement of responsibility, etc. by Masurel, Claire ; illustrated by Kolar, Bob
260 ## - PUBLICATION, DISTRIBUTION, ETC.
Place of publication, distribution, etc. New York :
Name of publisher, distributor, etc. Scholastic ,
Date of publication, distribution, etc. 2001
300 ## - PHYSICAL DESCRIPTION
Extent 31 unnumbered pages :
Other physical details color illustrations ;
Dimensions 22 cm.
505 ## - FORMATTED CONTENTS NOTE
Formatted contents note F <br/>
520 ## - SUMMARY, ETC.
Summary, etc. A cat and a dog are enemies until a crisis brings them together as friends.
521 ## - TARGET AUDIENCE NOTE
Target audience note 340 <br/>
Source Lexile <br/>
521 ## - TARGET AUDIENCE NOTE
Target audience note F <br/>
Source Raz-Plus <br/>
650 #1 - SUBJECT ADDED ENTRY--TOPICAL TERM
Topical term or geographic name entry element Cats
Form subdivision Fiction
650 #1 - SUBJECT ADDED ENTRY--TOPICAL TERM
Topical term or geographic name entry element Dogs
Form subdivision Fiction
700 1# - ADDED ENTRY--PERSONAL NAME
Personal name Kolar, Bob
Relator term illustrator
906 ## - LOCAL DATA ELEMENT F, LDF (RLIN)
a 7
b cbc
c orignew
d 1
e ocip
f 20
g y-gencatlg
942 ## - ADDED ENTRY ELEMENTS (KOHA)
Source of classification or shelving scheme Dewey Decimal Classification
Koha item type Books
Suppress in OPAC No
999 ## -
-- 3159
-- 3159
Holdings
Withdrawn status Lost status Source of classification or shelving scheme Damaged status Not for loan Collection Home library Current library Shelving location Date acquired Total Checkouts Full call number Barcode Date last seen Price effective from Koha item type Copy number Date due Date last checked out
    Dewey Decimal Classification     Juvenile Fiction Footprints International School Library Network Toul Tom Poung Campus Footprints International School Library Network Toul Kork Campus TTP Primary Green Bookshelves 08/28/2025 2 MAS 813.54 PZ7.M4239584 FIS03715 03/25/2026 08/28/2025 Books 3 04/08/2026 03/25/2026
    Dewey Decimal Classification     Juvenile Fiction Footprints International School Library Network Toul Tom Poung Campus Footprints International School Library Network Toul Tom Poung Campus TTP Primary Green Bookshelves 02/15/2024   MAS 813.54 PZ7.M4239584 FISBK01596 02/15/2024 02/15/2024 Books      
    Dewey Decimal Classification     Juvenile Fiction Footprints International School Library Network Toul Tom Poung Campus Footprints International School Library Network Toul Tom Poung Campus TTP Primary Green Bookshelves 08/25/2025   MAS 813.54 PZ7.M4239584 FISTK04318 08/25/2025 08/25/2025 Books 2    
    Dewey Decimal Classification     Juvenile Fiction Footprints International School Library Network Toul Tom Poung Campus Footprints International School Library Network Toul Tom Poung Campus TTP Primary Green Bookshelves 09/09/2025 2 MAS 813.54 PZ7.M4239584 FISBK06333 03/05/2026 09/09/2025 Books 4   02/26/2026